01281cam a22004334i 4500003000900000005001700009008004100026020001800067035002000085040003300105082001900138100003200157245006100189264007800250300003600328336002100364337002500385338002300410504004000433504003400473505012700507526001000634526001000644526001000654526001000664526000800674526000800682526000800690526000800698526000800706526000800714526000800722650002200730650002100752650001000773650002600783650002400809650001400833PE-LiUPU20250731173039.0171218s2016 xxu0 rb 001 0 eng d a9780802873743 a(Sirsi) a240545 aPE-LiUPUbspacPE-LiUPUerda04a270.1bB242231 aBarclay, John M. G.eautor.10aPauline churches and diaspora Jews /cJohn M.G. Barclay. 1aGrand Rapids, Michigan :bWilliam B. Eerdmans Publishing Company ,c2016. a454 páginas ;c23 centimetros atext2rdacontent aunmediated2rdamedia avolume2rdacarrier aBibliografía : páginas 299-417. aÍndice : páginas 453-454.0 aPauline churches and diaspora jews -- The invention of christian identity in the pauline tradition -- Josephus, Paul Rome. aSEG42 aSEG41 aSEG40 aSEG39 aP94 aP87 aP86 aP85 aP77 aP76 aP3504aEthnic relations.04aJewish diaspora.04aJews.04aRelaciones étnicas.04aDiáspora judía.04aJudíos.